000 00542nam a2200181 4500
001 132233
003 ES-MaACL
005 20251002200803.0
007 t|
008 070214s1970 sp r ||||1| spa d
100 1 _aRolán, Feliciano.
_999122
245 1 0 _aObras poéticas /
_cFeliciano Rolán ; introducción de R. Carballo Calero.
260 _aVigo :
_bCastrelos,
_c1970.
300 _a141 p. ;
_c18 cm.
700 1 _aCarballo Calero, Ricardo,
_d1910-1990
_935008
852 _aES-MaACL
_jC-40690
_bR.74627
999 _c132233
_d132233